Strategic marketing for nonprofit organizations / (Record no. 1114)

MARC details
000 -LEADER
fixed length control field 00885nam a22002655a 4500
008 - FIXED-LENGTH DATA ELEMENTS--GENERAL INFORMATION
fixed length control field 150818b1996 njua|||frb||| 001 0 eng d
010 ## - LIBRARY OF CONGRESS CONTROL NUMBER
LC control number 95040725
020 ## - INTERNATIONAL STANDARD BOOK NUMBER
International Standard Book Number 0132325470
020 ## - INTERNATIONAL STANDARD BOOK NUMBER
International Standard Book Number 9780132325479
040 ## - CATALOGING SOURCE
Original cataloging agency EG-ScBUE
Language of cataloging eng
Transcribing agency EG-ScBUE
082 04 - DEWEY DECIMAL CLASSIFICATION NUMBER
Classification number 658.8
Item number KOT
Edition number 22
100 1# - MAIN ENTRY--PERSONAL NAME
Personal name Kotler, Philip.
245 10 - TITLE STATEMENT
Title Strategic marketing for nonprofit organizations /
Statement of responsibility, etc Philip Kotler, Alan R. Andreasen.
250 ## - EDITION STATEMENT
Edition statement 5th ed.
260 ## - PUBLICATION, DISTRIBUTION, ETC. (IMPRINT)
Place of publication, distribution, etc Upper Saddle River :
Name of publisher, distributor, etc Prentice Hall,
Date of publication, distribution, etc c.1996.
300 ## - PHYSICAL DESCRIPTION
Extent vii, 632 p. :
Other physical details ill. ;
Dimensions 25 cm.
500 ## - GENERAL NOTE
General note Indexes : p. 617-632.
504 ## - BIBLIOGRAPHY, ETC. NOTE
Bibliography, etc Includes bibliographical references .
590 ## - LOCAL NOTE (RLIN)
Local note Menna ELEMAM
650 #0 - SUBJECT ADDED ENTRY--TOPICAL TERM
Topical term or geographic name as entry element Nonprofit organizations--
General subdivision Marketing.
Source of heading or term BUEsh
9 (RLIN) 32697
651 ## - SUBJECT ADDED ENTRY--GEOGRAPHIC NAME
Geographic name United States.
Source of heading or term BUEsh
653 ## - INDEX TERM--UNCONTROLLED
Resource For college BAEPS, Business Administration
Arrived date list August2015
700 1# - ADDED ENTRY--PERSONAL NAME
Personal name Andreasen, Alan R.,
Dates associated with a name 1934-
9 (RLIN) 32696
942 ## - ADDED ENTRY ELEMENTS (KOHA)
Item type Book - Borrowing
Call number prefix 658.8 KOT
Source of classification or shelving scheme Dewey Decimal Classification
Holdings
Withdrawn status Item status Damaged status Not for loan Home library Current library Shelving location Date acquired Source of acquisition Total Checkouts Total Renewals Full call number Barcode Date last seen Date last borrowed Koha item type
        Central Library Central Library First floor 21/08/2006 Purchase 3 10 658.8 KOT 000003380 15/07/2025 11/10/2015 Book - Borrowing